Guide to building fire protection. (Record no. 96613)

MARC details
000 -LEADER
fixed length control field 00832cam a2200301 4500
001 - CONTROL NUMBER
control field M85958
008 - FIXED-LENGTH DATA ELEMENTS--GENERAL INFORMATION
fixed length control field 090401t1996 xxu||||| |||| 00| 0 eng d
020 ## - INTERNATIONAL STANDARD BOOK NUMBER
International Standard Book Number 090216743X
035 ## - SYSTEM CONTROL NUMBER
System control number (Sirsi) u80375
041 ## - LANGUAGE CODE
Language code of text/sound track or separate title eng
050 ## - LIBRARY OF CONGRESS CALL NUMBER
Classification number 693.82
110 ## - MAIN ENTRY--CORPORATE NAME
Corporate name or jurisdiction name as entry element Loss Prevention Council
9 (RLIN) 1863
245 ## - TITLE STATEMENT
Title Guide to building fire protection.
260 ## - PUBLICATION, DISTRIBUTION, ETC.
Name of publisher, distributor, etc. Loss Prevention Council
Date of publication, distribution, etc. 1996
300 ## - PHYSICAL DESCRIPTION
Extent 132p. : ill. ; 21cm.
350 ## - PRICE (NR) (BK AM CF MU VM SE) [OBSOLETE]
Price 14.38
490 ## - SERIES STATEMENT
Series statement Library of Fire Safety
Volume/sequential designation 3
650 ## - SUBJECT ADDED ENTRY--TOPICAL TERM
Topical term or geographic name entry element BUILT ENVIRONMENT-CONSTRUCTION DESIGN
650 ## - SUBJECT ADDED ENTRY--TOPICAL TERM
Topical term or geographic name entry element FIRE ALARMS
650 ## - SUBJECT ADDED ENTRY--TOPICAL TERM
Topical term or geographic name entry element FIRE APPLIANCES
650 ## - SUBJECT ADDED ENTRY--TOPICAL TERM
Topical term or geographic name entry element FIRE HAZARDS
650 ## - SUBJECT ADDED ENTRY--TOPICAL TERM
Topical term or geographic name entry element FIRE PROTECTION
650 ## - SUBJECT ADDED ENTRY--TOPICAL TERM
Topical term or geographic name entry element MEANS OF ESCAPE
690 ## - LOCAL SUBJECT ADDED ENTRY--TOPICAL TERM (OCLC, RLIN)
Topical term or geographic name as entry element BUILT ENVIRONMENT-BUILDING STANDARDS-FIRE REGULATIONS
700 ## - ADDED ENTRY--PERSONAL NAME
Personal name Jackson, Lynn
International Standard Serial Number Editor
942 ## - ADDED ENTRY ELEMENTS (KOHA)
Suppress in OPAC 0
948 ## - LOCAL PROCESSING INFORMATION (OCLC); SERIES PART DESIGNATOR (RLIN)
c (OCLC) 20/08/1997
Holdings
Withdrawn status Lost status Source of classification or shelving scheme Damaged status Not for loan Home library Current library Shelving location Date acquired Cost, normal purchase price Total Checkouts Full call number Barcode Date last seen Date last checked out Copy number Cost, replacement price Price effective from Koha item type
    Dewey Decimal Classification     London London Books 16/10/1997 14.38 18 693.82 30054019 06/08/2019 24/07/2009 1 14.38 06/08/2019 Book